logo

Bir Sreshtho Munshi Abdur Rouf Library
Jhenaidah Cadet College

দুই বিশ্বযু্দ্ধের অন্তর্বর্তীকালে / (Record no. 1257)

MARC details
000 -LEADER
fixed length control field 00763nam a2200241 a 4500
001 - CONTROL NUMBER
JCCL Control Number 1257
003 - CONTROL NUMBER IDENTIFIER
JCCL marc code BD-JhCC
005 - DATE AND TIME OF LATEST TRANSACTION
control field 20171017135537.0
008 - FIXED-LENGTH DATA ELEMENTS--GENERAL INFORMATION
fixed length control field 171017s1995 bena|||| ||a| 000 0 ben d
020 ## - INTERNATIONAL STANDARD BOOK NUMBER
International Standard Book Number 9840740105
035 ## - SYSTEM CONTROL NUMBER
system control number (BD-JhCC)1257
040 ## - CATALOGING SOURCE
Original cataloging agency BD-JhCC
Modifying agency BD-JhCC
041 ## - LANGUAGE CODE
Language code of Book ben
082 ## - DEWEY DECIMAL CLASSIFICATION NUMBER
Classification number 327
Author mark and Year KAR 1995
100 ## - MAIN ENTRY--PERSONAL NAME
Personal name কার, ই. এইচ.
245 ## - TITLE STATEMENT
Title দুই বিশ্বযু্দ্ধের অন্তর্বর্তীকালে /
Statement of responsibility, etc ই. এইচ. কার
260 ## - PUBLICATION, DISTRIBUTION, ETC. (IMPRINT)
Place of publication, distribution, etc ঢাকা :
Name of publisher, distributor, etc বাংলা একাডেমী প্রকাশনী,
Date of publication, distribution, etc ১৯৯৫.
300 ## - PHYSICAL DESCRIPTION
Pagination 307p. :
Other physical details ill. ;
Dimensions 23 cm.
650 ## - SUBJECT ADDED ENTRY--TOPICAL TERM
Topical term or geographic name as entry element International Relation
650 ## - SUBJECT ADDED ENTRY--TOPICAL TERM
Topical term or geographic name as entry element World Politics
942 ## - ADDED ENTRY ELEMENTS (KOHA)
Source of classification or shelving scheme Dewey Decimal Classification
Koha item type Books
Holdings
Source of classification or shelving scheme Damaged status Not for loan Home library Current library Shelving location Date of accession Cost, normal purchase price Total Checkouts Full call number Barcode Date last seen Copy number Koha item type
Dewey Decimal Classification     JCC Rouf Library JCC Rouf Library General Stacks 10/17/2017 125.00   327 KAR 1995 2041 10/17/2017 C-1 Books

JCC Library | Contacts | JCC Home

Last Update on 23 September 2017
Copyright @ 2017-2020 JCC Rouf Library
Rouf Library, Jhenidah Cadet College (JCC), Bangladesh